| 000 | 01019nam a22002657a 4500 | ||
|---|---|---|---|
| 003 | BD-DhSAU | ||
| 005 | 20190506115431.0 | ||
| 008 | 160607b2014 bg ||||| |||| 001 0 eng d | ||
| 040 | _aBD-DhSAU | ||
| 082 |
_222 _a630 _bS1315 |
||
| 100 |
_aSahenuzzaman, Md. _eRegistration # 07-02338 |
||
| 245 |
_aNodulation, growth and yield of mungbean as affected by nitrogen management / _bMS thesis |
||
| 260 |
_aSher-e-Bangla Agricultural Uniersity : _bDepartment of Agronomy _c2014 |
||
| 300 |
_axvi, 99 p. : _bill. ; _c30 cm. |
||
| 500 | _aMS thesis of Department of Agronomy , Faculty of Agriculture, Sher-e-Bangla Agricultural University, Dhaka, Bangladesh | ||
| 590 | _aMd. Sirajul Islam | ||
| 650 | _aAgronomy | ||
| 650 | _aMungbean | ||
| 650 | _aNitrogen | ||
| 650 | _aNodulation | ||
| 700 |
_aBiswas, Parimal Kanti _eSupervisor |
||
| 700 |
_aKarim, Md. Fazlul _eCo-Supervisor |
||
| 856 |
_uhttp://archive.saulibrary.edu.bd:8080/xmlui/handle/123456789/2497 _yOnline Access |
||
| 942 |
_2ddc _cTHESIS |
||
| 999 |
_c13349 _d13348 |
||